Religions - Sudden Death - Statistics

General Stats
  • This quiz has been taken 1,544 times
  • The average score is 8 of 14
Answers on the Grid
Answers color-coded by a green-red scale on the quiz's grid according to % correct below.
Zoroastrianism
Feminism
Judaism
Marxism
Christianity
Imperialism
Buddhism
Hinduism
Anarchism
Monarchism
Shinto
Capitalism
Juche
Islam
Nihilism
Sikhism
Jainism
Zionism
Georgism
Statism
Bolshevism
Despotism
Confucianism
Populism
Astrology
Taoism
Rastafari
Fascism
Nazism
Tengrism
Abolitionism
Stalinism
Conservatism
Pan-Africanism
Voodoo
Socialism
Libertarianism
Unitarianism
Maoism
Colonialism
 
Answer Stats
Answer % Correct
Christianity
86%
Judaism
84%
Buddhism
82%
Hinduism
80%
Islam
79%
Sikhism
61%
Shinto
60%
Zoroastrianism
60%
Taoism
47%
Jainism
44%
Rastafari
39%
Voodoo
37%
Confucianism
35%
Tengrism
14%
No matching quizzes found
Score Distribution
Percent of People with Each Score
Percentile by Number Answered
Your Score History
You have not taken this quiz